000 00599nam a22001817a 4500
003 LK-CoDNM
005 20250123131721.0
008 250123b |||||||| |||| 00| 0 eng d
040 _aLK-CoDNM
_dLK-CoDNM
_eLK-CoDNM
041 _aeng
080 _a13
_bE17.1
100 _aSherborn, Charles Davies
245 _aThe Manchester Museum, Owens College. An Index to the Generic and Trivial Names of Animals, Described by Linnaeus, in the 10th and 12th Editions of his Systema Nature.
260 _aLondon
_bDulau & CO
_c1899
300 _aviii, 108p. ; 45 cm
650 _aScience
942 _cBK
999 _c237321
_d237321